书目信息 |
| 题名: |
厨房 卫生间设计布置及装修技术
|
|
| 作者: | 蒋泽汉 主编 | |
| 分册: | ||
| 出版信息: | 成都 四川科学技术出版社 2000.01 |
|
| 页数: | 244页 | |
| 开本: | 32开 | |
| 丛书名: | ||
| 单 册: | ||
| 中图分类: | TU238.2 | |
| 科图分类: | ||
| 主题词: | 建筑设计 | |
| 电子资源: | ||
| ISBN: | 7-5364-4407-9 | |
| 000 | 00603nam0 2200193 45 | |
| 001 | 0012031077 | |
| 005 | 20001203102541.1 | |
| 010 | @a7-5364-4407-9@d12.00元 | |
| 100 | @a20001203d2000 km y0chiy0120 ea | |
| 101 | 0 | @achi |
| 105 | @a z 000yy | |
| 200 | 1 | @a厨房 卫生间设计布置及装修技术@AChu Fang Wei Sheng Jian She Ji Bu Zhi Ji Zhuang Xiu Ji Shu@f蒋泽汉主编@FJiang Ze Han Zhu Bian |
| 210 | @a成都@c四川科学技术出版社@d2000.01 | |
| 215 | @a244页@d32开 | |
| 606 | 0 | @a建筑设计 |
| 690 | @aTU238.2@v3 | |
| 701 | 0 | @a蒋泽汉@4主编 |
| 801 | @aCN@bPftUser@c20001203 | |
| 905 | @b511227-231@dTU238.2@eJ311@f5 | |
| 厨房 卫生间设计布置及装修技术/蒋泽汉主编.-成都:四川科学技术出版社,2000.01 |
| 244页;32开 |
| ISBN 7-5364-4407-9:12.00元 |
| ● |
| 相关链接 |
|
|
|
正题名:厨房卫生间设计布置及装修技术
索取号:TU238.2/J311
 
预约/预借
| 序号 | 登录号 | 条形码 | 馆藏地/架位号 | 状态 | 备注 |
| 1 | 511227 | 205112279 | 自科二线404/404自科库 16排2列2层/ [索取号:TU238.2/J311] | 在馆 | |
| 2 | 511228 | 205112288 | 建筑库101/101建筑库 55排4列2层/ [索取号:TU238.2/J311] | 在馆 | |
| 3 | 511229 | 205112297 | 自科二线404/404自科库 16排2列2层/ [索取号:TU238.2/J311] | 在馆 | |
| 4 | 511230 | 205112304 | 自科二线404/404自科库 16排2列2层/ [索取号:TU238.2/J311] | 在馆 | |
| 5 | 511231 | 205112313 | 自科二线404/404自科库 16排2列2层/ [索取号:TU238.2/J311] | 在馆 |